Training in Indian railways: a study with special focus on supervisors training centre, Lucknow (Record no. 492079)

000 -LEADER
fixed length control field 00432cam a22001217a 4500
008 - FIXED-LENGTH DATA ELEMENTS--GENERAL INFORMATION
fixed length control field 180718b2002 xxu||||| |||| 00| 0 eng d
082 ## - DEWEY DECIMAL CLASSIFICATION NUMBER
Classification number APPPA 2000-01 BAJ/6
100 ## - MAIN ENTRY--PERSONAL NAME
Personal name Bajpai, K.K.
245 ## - TITLE STATEMENT
Title Training in Indian railways: a study with special focus on supervisors training centre, Lucknow
Statement of responsibility, etc. by K.K. Bajpai
260 ## - PUBLICATION, DISTRIBUTION, ETC.
Place of publication, distribution, etc. New Delhi
Name of publisher, distributor, etc. Indian Institute of Public Administration
Date of publication, distribution, etc. 2002
300 ## - PHYSICAL DESCRIPTION
Extent 171p.
650 ## - SUBJECT ADDED ENTRY--TOPICAL TERM
Topical term or geographic name entry element Railways - India
Holdings
Withdrawn status Lost status Damaged status Not for loan Permanent Location Current Location Date acquired Full call number Barcode Date last seen Price effective from Koha item type
        Indian Institute of Public Administration Indian Institute of Public Administration 2018-08-04 APPPA 2000-01 BAJ/6 GR15940 2023-04-03 2018-08-04 GR

Powered by Koha